00370 a2200145 4500003000400000005001700004008004100021020001800062040000900080082002000089100001500109245005800124260003300182300000900215OSt20231107130416.0231107b |||||||| |||| 00| 0 eng d a9789391938277 coclc a894.8124bJAB/V aJabir, T K aVakkam Moulavi Chinthakal Rachanakal /cDr. T K Jabir aKerala:bYuvatha book house, a199p